| 000 | 00501nam a2200181Ia 4500 | ||
|---|---|---|---|
| 003 | OSt | ||
| 005 | 20260106112521.0 | ||
| 008 | 210210b1949 xxu||||| |||| 00| 0 eng d | ||
| 040 | _cAL | ||
| 041 | _aKannada | ||
| 082 | _a859/1572 | ||
| 100 |
_aRAMARAV (M) _9155917 _dರಾಮರಾವ್ (ಎಂ). |
||
| 245 |
_aManjina mani: _bಮಂಜಿನ ಮಣಿ |
||
| 260 |
_aBengaluru _bSatyashodhana Prakatana Mandira _c1949 |
||
| 690 |
_aKannada Fiction _9155918 |
||
| 906 | _a022299 | ||
| 942 |
_2ddc _cBK |
||
| 999 |
_c146599 _d146599 |
||